| 000 | 00709cam a22002651 4500 | ||
|---|---|---|---|
| 001 | sa 68000155 | ||
| 003 | DLC | ||
| 005 | 20260227112421.0 | ||
| 008 | 850617s1966 ii 000 0 kanx | ||
| 010 | _asa 68000155 | ||
| 020 | _cRs4.00 | ||
| 025 | _aPL480:I-Kan-794 | ||
| 035 | _a(OCoLC)13889965 | ||
| 040 |
_aDLC _cNN _dDLC |
||
| 042 | _apremarc | ||
| 050 | 0 | 0 |
_aPL4659.G65 _bP8 |
| 100 | 1 |
_aGokak, Vinayak Krishna, _d1909-1992. |
|
| 245 | 1 | 0 |
_aPuṇyabhūmi. _c[Lēkhaka] Vināyaka. |
| 250 | _a[1st ed.] | ||
| 260 |
_aMaisūru, _bSuruci Prakāśana _c[1966] |
||
| 300 |
_avi, 60, [1] p. _c19 cm. |
||
| 500 | _aIn Kannada. | ||
| 500 | _aPoems. | ||
| 504 | _aList of the author's works: p. 60-[61] | ||
| 999 |
_c76987 _d76987 |
||